| 000 | 00408nam a2200181Ia 4500 | ||
|---|---|---|---|
| 005 | 20250603145440.0 | ||
| 008 | 250603s9999 xx 000 0 und d | ||
| 020 | _a978-0-13-197652-8 | ||
| 050 | _aRT 41 .F48/ | ||
| 100 | _aField, Linda | ||
| 245 | 0 | _aNursing care : an essencial guide | |
| 260 | _aEssex | ||
| 260 | _bPearson | ||
| 260 | _c2008 | ||
| 300 | _a313 p | ||
| 650 | _aEssex | ||
| 942 | _cBK | ||
| 999 |
_c41891 _d41891 |
||